00541nam a22001697a 450000500170000001000150001702000260003203500130005803700130007108200110008424500830009526000420017827000620022030000200028250000500030270000190035220141029163803.0 aENG-111068 c525.00a9788129000699 aEN-94600 bDBAD/PUB a954.01 aAncient India :cedited by Rajesh Chanderban introduction to social history / aChandigarhbNew Era Book Agencyc2013 bChandigarhe160017aSCO 49-51, Sector-17 C, Post Box - 52 a176p.c22cm(Hb) aIncludes bibliographical references and index aRajesh Chander